Manual de contabilidad para empresas (Registro nro. 2173)

Detalles MARC
000 -LEADER
fixed length control field 01334 a2200205 4500
001 - CONTROL NUMBER
control field 31415
005 - DATE AND TIME OF LATEST TRANSACTION
control field 20260407155619.0
008 - FIXED-LENGTH DATA ELEMENTS--GENERAL INFORMATION
fixed length control field 260407a1978 arg spa d
003 - CONTROL NUMBER IDENTIFIER
control field AR-UNSa-BCEJYS
040 ## - CATALOGING SOURCE
Original cataloging agency AR-UNSa-BCEJYS
Language of cataloging spa
Transcribing agency AR-UNSa-BCEJYS
080 ## - UNIVERSAL DECIMAL CLASSIFICATION NUMBER
Universal Decimal Classification number 657
Common auxiliary subdivision Contabilidad
041 ## - LANGUAGE CODE
Language code of text/sound track or separate title spa
100 1# - MAIN ENTRY--PERSONAL NAME
Personal name Chalupowicz, Israel
245 10 - TITLE STATEMENT
Title Manual de contabilidad para empresas
264 #1 - PRODUCTION, PUBLICATION, DISTRIBUTION, MANUFACTURE, AND COPYRIGHT NOTICE
Place of production, publication, distribution, manufacture Buenos Aires :
Name of producer, publisher, distributor, manufacturer Cangallo
Date of production, publication, distribution, manufacture, or copyright notice 1978
300 ## - PHYSICAL DESCRIPTION
Extent 332 p.
Dimensions 23 cm.
505 ## - FORMATTED CONTENTS NOTE
Formatted contents note 1. El nacimiento de una empresa - 2. Algunas referencias sobre la organización contable de la empresa - 3. El desarrollo contable de la empresa - 4. El desarrollo de un balance general - 5. Los balances y la incidencia de la inflación - 6. Vinculaciones entre sociedades - 7. Las sociedades accidentales o en participación - 8. Fusión de empresas - 9. Transformación de sociedades - 10. El ejercicio profesional del contador público y sus vinculaciones con la sindicatura y dirección de las sociedades de capital - 11. El beneficio empresario. Atribución a directores, administradores, etc. - 12. La resolución parcial de las sociedades. El alejamiento de socios - 13. La disolución y liquidación total de sociedades comerciales - 14. El caso de liquidación de una sociedad comercial
590 ## - LOCAL NOTE (RLIN)
Local note niveau_biblio:m niveau_hierar:0
942 ## - ADDED ENTRY ELEMENTS (KOHA)
Koha item type
Existencias
Withdrawn status Lost status Damaged status Not for loan Home library Current library Shelving location Date acquired Total checkouts Full call number Barcode Date last seen Price effective from Koha item type
        Biblioteca Prof. Eusebio Cleto del Rey Biblioteca Prof. Eusebio Cleto del Rey   07/04/2026   657 C436 L33829 07/04/2026 07/04/2026 Libro
        Biblioteca Prof. Eusebio Cleto del Rey Biblioteca Prof. Eusebio Cleto del Rey   07/04/2026   657 C436 L33205 07/04/2026 07/04/2026 Libro